Sports Quiz

Random Sports or Football Quiz

2011-2012 BIG 12 QB's Quiz Stats

 Plays Quiz not verified by Sporcle

Challenge
Share
Tweet
Embed
Score 0/12 Timer 05:00
0 Plays Today
Team Player % Correct
TexasCase McCoy
97.1%
OklahomaLandry Jones
94.3%
Oklahoma St.Brandon Weeden
94.3%
BaylorRobert Griffin
91.4%
Texas A&MRyan Tannehill
77.1%
TexasDavid Ash
71.4%
Kansas StateCollin Klein
60%
MissouriJames Franklin
51.4%
Texas TechSeth Doege
37.1%
KansasJordan Webb
22.9%
Iowa StateSteele Jantz
22.9%
Iowa StateJared Barnett
14.3%

You're not logged in!

Compare scores with friends on all Sporcle quizzes.
OR
Log In

You Might Also Like...

Show Comments

Extras

Top Quizzes Today


Score Distribution

Your Account Isn't Verified!

In order to create a playlist on Sporcle, you need to verify the email address you used during registration. Go to your Sporcle Settings to finish the process.

Report this User

Report this user for behavior that violates our Community Guidelines.

Details: